Dieťa ako spotrebiteľ diplomová práca

Uložené v:
Podrobná bibliografia
Hlavný autor: Karaffová, Zuzana
Korporativný autor: Obchodná fakulta EU. Katedra marketingu
Ďalší autori: Klepochová, Dagmar, 1968-
Médium: Kniha
Jazyk:Slovak
Vydavateľské údaje: Bratislava 2013
Tagy: Pridať tag
Žiadne tagy, Buďte prvý, kto otaguje tento záznam!

MARC

LEADER 00000nbm a2200000 4500
001 0169360
005 20161109102258.7
041 0 |a slo 
044 |a SK 
245 1 0 |a Dieťa ako spotrebiteľ  |b diplomová práca  |c Zuzana Karaffová ; školiteľ: Janka Kopaničová 
264 1 |a Bratislava  |c 2013 
300 |a 67 s. 
100 1 |a Karaffová, Zuzana 
700 1 |a Klepochová, Dagmar, 1968- 
710 2 |a Obchodná fakulta EU. Katedra marketingu